|
|
|
|
| LEADER |
00000nam a22000007a 4500 |
| 005 |
20200921212652.0 |
| 007 |
cr|||| |||| |
| 008 |
200921s2019 co |||||s|||| 00||0 spa d |
| 020 |
|
|
|a 978-958-784-380-4
|
| 035 |
|
|
|a 32079
|
| 040 |
|
|
|a vLex
|
| 090 |
|
|
|c 10734
|d 10734
|
| 100 |
1 |
|
|a Tobn̤ Franco, Natalia
|
| 245 |
1 |
0 |
|a Abogados al derecho Marketing jurd̕ico y responsabilidad profesional
|h [Recurso electrn̤ico] /
|c Natalia Tobn̤ Franco
|
| 250 |
|
|
|a Segunda edicin̤
|
| 256 |
|
|
|a Servicio en ln̕ea
|
| 260 |
|
|
|a Bogot:̀
|b Editorial Universidad de Rosario (Colombia),
|c 2019
|
| 300 |
|
|
|a 1 recurso electrn̤ico
|
| 500 |
|
|
|a Esta obra revisa algunos temas relacionados con el marketing jurd̕ico y refuerza el estudio de los deberes profesionales del abogado. Para el marketing, se explican asuntos como la planeacin̤ estratǧica, el anl̀isis de mercados, la identidad corporativa y la importancia del servicio al cliente en firmas de abogados. Tambiň se comenta el impacto de las legaltech y las redes sociales sobre el mercadeo de los servicios legales. En cuanto a la responsabilidad profesional, en el libro se analiza la legislacin̤, jurisprudencia y doctrina nacional y extranjera al respecto, ilustrada con casos concretos. El motto de este trabajo sigue siendo el mismo de la primera edicin̤: “La mejor estrategia de marketing para un abogado es mantener un buen nombre” o mejor, “El buen nombre del abogado no sl̤o se construye con sapiencia; tambiň requiere diligencia, disciplina y decencia”.
|
| 506 |
1 |
|
|a Disponible solo en los productos indicados
|d vLex Global
|d vLex Global (Academic Edition, excluding Law Schools)
|d vLex Global (U.S. Academic Edition, Law Schools)
|d vLex Global (U.S. Academic Edition, excluding Law Schools)
|d vLex Global (Academic Edition, Law Schools)
|
| 650 |
0 |
4 |
|a Abogados
|z Colombia
|
| 650 |
0 |
4 |
|a Derecho Pb︢lico y Administrativo
|z Colombia
|
| 740 |
0 |
|
|a vLex Libros (Servicio en ln̕ea)
|
| 856 |
4 |
0 |
|u http://vlex.com/source/abogados-al-derecho-marketing-juridico-y-responsabilidad-profesional-segunda-edicion-32079
|z Acceso restringido
|
| 942 |
|
|
|c BOOK
|
| 999 |
0 |
|
|a Lawyers
|
| 999 |
0 |
|
|a Public and Administrative Law
|